| 000 | 00452nam a22001457a 4500 | ||
|---|---|---|---|
| 040 | _cNust | ||
| 082 |
_a297.12 _bOLL |
||
| 100 |
_aMaulana Muhammad Daud Raz _9125176 |
||
| 110 |
_aMaulana Muhammad Abdul Rasheed Taunsavi _9125177 |
||
| 245 | _aالـلـؤلـؤ و الـمـرجـان | ||
| 250 | _aVolume 1 & 2 | ||
| 260 |
_aLahore: _bMaktaba-E-Qudoosia, _c2003. |
||
| 650 |
_aالـلـؤلـؤ و الـمـرجـان _9125178 |
||
| 942 |
_2ddc _cBK |
||
| 999 |
_c610959 _d610959 |
||